[Event "Vojvodina-chT2"]
[Site "Vrbas"]
[Date "2011.09.29"]
[Round "7"]
[White "Radlovacki, Jovan"]
[Black "Rajic, Dobrivoje"]
[Result "1-0"]
[WhiteElo "2432"]
[BlackElo "2120"]
[PlyCount "85"]
[EventDate "2011.09.25"]
[EventType "team-tourn"]
[EventRounds "11"]
[EventCountry "SRB"]
[SourceTitle "CBM 144 Extra"]
[Source "ChessBase"]
[SourceDate "2011.10.28"]
[SourceVersion "1"]
[SourceVersionDate "2011.10.28"]
[SourceQuality "1"]

1. e4 e5 2. Bc4 Nc6 3. d3 Bc5 4. Nc3 d6 5. Na4 Na5 6. Bb5+ Bd7 7. Bxd7+ Qxd7 8. c3 Nc6 9. Nf3 f6 10. 0-0 Nge7 11. d4 Bb6 12. a3 Ng6 13. d5 Nce7 14. b4 0-0 15. c4 c6 16. c5 Bc7 17. dxc6 Qxc6 18. Be3 b5 19. Nc3 dxc5 20. bxc5 Kh8 21. Qb3 Rab8 22. Rfd1 f5 23. exf5 Rxf5 24. Ng5 h6 25. Nge4 Nh4 26. Nd5 Qg6 27. Ng3 Nxd5 28. Qxd5 Rf6 29. Qe4 Nf5 30. Nxf5 Qxf5 31. Qxf5 Rxf5 32. Rd7 Rc8 33. Rb1 a6 34. a4 Kg8 35. axb5 axb5 36. Rxb5 Rf7 37. Rd5 Ra8 38. g3 Ra2 39. Rb7 Rc2 40. Rd1 Ba5 41. Rb3 Bc3 42. Rc1 Rfxf2 43. Rxc3 1-0

[Event "Vojvodina-chT2"]
[Site "Vrbas"]
[Date "2011.09.28"]
[Round "5"]
[White "Rajic, Dobrivoje"]
[Black "Ratkovic, Miloje"]
[Result "1-0"]
[WhiteElo "2120"]
[BlackElo "2135"]
[PlyCount "81"]
[EventDate "2011.09.25"]
[EventType "team-tourn"]
[EventRounds "11"]
[EventCountry "SRB"]
[SourceTitle "CBM 144 Extra"]
[Source "ChessBase"]
[SourceDate "2011.10.28"]
[SourceVersion "1"]
[SourceVersionDate "2011.10.28"]
[SourceQuality "1"]

1. e4 c6 2. d4 d5 3. Nd2 dxe4 4. Nxe4 Bf5 5. Ng3 Bg6 6. Nf3 Nf6 7. Bd3 e6 8. 0-0 Be7 9. c3 Bxd3 10. Qxd3 Nbd7 11. Ne4 Nxe4 12. Qxe4 0-0 13. c4 Qa5 14. Bf4 Nf6 15. Qe5 Qxe5 16. Bxe5 Rfd8 17. Rfd1 Rac8 18. Kf1 a5 19. Bxf6 Bxf6 20. Ke2 g5 21. h3 Kg7 22. Rd3 h6 23. Rad1 b5 24. b3 bxc4 25. bxc4 Rb8 26. Ne5 Bxe5 27. dxe5 Rxd3 28. Kxd3 Rd8+ 29. Kc2 Rxd1 30. Kxd1 Kg6 31. g4 f6 32. Kc2 fxe5 33. Kd3 e4+ 34. Kxe4 Kf6 35. Kd4 Ke7 36. Kc5 Kd7 37. Kb6 Kd6 38. a4 c5 39. Kb5 e5 40. f3 e4 41. fxe4 1-0

[Event "Vojvodina-chT2"]
[Site "Vrbas"]
[Date "2011.09.26"]
[Round "3"]
[White "Petakov, Uros"]
[Black "Rajic, Dobrivoje"]
[Result "1/2-1/2"]
[WhiteElo "2352"]
[BlackElo "2120"]
[PlyCount "92"]
[EventDate "2011.09.25"]
[EventType "team-tourn"]
[EventRounds "11"]
[EventCountry "SRB"]
[SourceTitle "CBM 144 Extra"]
[Source "ChessBase"]
[SourceDate "2011.10.28"]
[SourceVersion "1"]
[SourceVersionDate "2011.10.28"]
[SourceQuality "1"]

1. d4 Nf6 2. Nf3 e6 3. e3 c5 4. Bd3 d5 5. 0-0 Nc6 6. b3 a6 7. Bb2 b5 8. a4 b4 9. Nbd2 cxd4 10. exd4 a5 11. Ne5 Nxe5 12. dxe5 Nd7 13. f4 g6 14. Qe2 Nc5 15. Bb5+ Bd7 16. Bd4 Be7 17. Rf3 0-0 18. Raf1 Bxb5 19. axb5 a4 20. bxa4 Rxa4 21. Qe3 Ra3 22. Nb3 Ne4 23. g4 f5 24. exf6 Bxf6 25. Kh1 Qd7 26. b6 Qc6 27. Bxf6 Rxf6 28. Qd4 Ra6 29. f5 exf5 30. gxf5 g5 31. Rd3 Rxb6 32. Qxd5+ Qxd5 33. Rxd5 Rfd6 34. Re5 Rd1 35. Rxd1 Nf2+ 36. Kg2 Nxd1 37. Kf3 h5 38. Ke2 Rd6 39. f6 Nc3+ 40. Ke3 Nd5+ 41. Kd4 Nxf6+ 42. Kc5 Rd1 43. Rxg5+ Kf7 44. Rg2 Rh1 45. Nd4 Ng4 46. Nf3 Rf1 1/2-1/2

[Event "Pula op 04th"]
[Site "Pula"]
[Date "1990.??.??"]
[Round "6"]
[White "Lekic, Dusan"]
[Black "Rajic, Dobrivoje"]
[Result "1-0"]
[WhiteElo "2305"]
[BlackElo "2250"]
[PlyCount "49"]
[EventDate "1990.??.??"]
[EventType "swiss"]
[EventRounds "9"]
[EventCountry "YUG"]
[SourceTitle "EXT 2000"]
[Source "ChessBase"]
[SourceDate "1999.11.16"]
[SourceVersion "1"]
[SourceVersionDate "1999.11.16"]
[SourceQuality "1"]

1. e4 g6 2. d4 d6 3. Nc3 Bg7 4. f4 Nf6 5. Nf3 c5 6. Bb5+ Bd7 7. e5 Ng4 8. e6 Bxb5 9. exf7+ Kf8 10. Nxb5 Qa5+ 11. Nc3 Nc6 12. d5 Nd4 13. Bd2 Nh6 14. 0-0 Nhf5 15. Ng5 Qa6 16. Ne6+ Nxe6 17. dxe6 Nd4 18. Qg4 Qc4 19. Rae1 Nxc2 20. Qf3 Qd4+ 21. Be3 Nxe3 22. Nb5 Qxb2 23. Qxb7 Bd4 24. Qxa8+ Kg7 25. Qxh8+ 1-0

[Event "GER-chT U20"]
[Site "Bochum"]
[Date "1990.??.??"]
[Round "5"]
[White "Rajic, Dobrivoje"]
[Black "Kern, Johannes"]
[Result "1/2-1/2"]
[WhiteElo "2250"]
[BlackElo "2255"]
[PlyCount "69"]
[EventDate "1990.??.??"]
[EventType "team-tourn"]
[EventRounds "9"]
[EventCountry "GER"]
[SourceTitle "EXT 2002"]
[Source "ChessBase"]
[SourceDate "2001.11.25"]
[SourceVersion "1"]
[SourceVersionDate "2001.11.25"]
[SourceQuality "1"]

1. e4 e6 2. d3 d5 3. exd5 exd5 4. Nf3 Nf6 5. Bg5 Be7 6. g3 0-0 7. Bg2 Bb4+ 8. c3 Re8+ 9. Be3 d4 10. Nxd4 Qxd4 11. 0-0 Qg4 12. Qxg4 Nxg4 13. cxb4 Nxe3 14. Re1 Na6 15. a3 c5 16. b5 Nc7 17. Rxe3 Rxe3 18. fxe3 Nxb5 19. Nc3 Nxc3 20. bxc3 Rb8 21. d4 b6 22. Rb1 cxd4 23. cxd4 Bd7 24. Rc1 Rc8 25. Rxc8+ Bxc8 26. Bc6 Kf8 27. Kf2 Ke7 28. Kf3 Kd6 29. Ba8 f6 30. Kf4 g5+ 31. Ke4 Bd7 32. Kd3 b5 33. Kc3 a5 34. Bb7 h6 35. e4 1/2-1/2

[Event "Novi Sad op"]
[Site "Novi Sad"]
[Date "1989.??.??"]
[Round "9"]
[White "Rajic, Dobrivoje"]
[Black "Kocovski, Ivan"]
[Result "0-1"]
[WhiteElo "2250"]
[BlackElo "2300"]
[PlyCount "56"]
[EventDate "1989.??.??"]
[EventType "swiss"]
[EventRounds "9"]
[EventCountry "YUG"]
[SourceTitle "EXT 2000"]
[Source "ChessBase"]
[SourceDate "1999.11.16"]
[SourceVersion "1"]
[SourceVersionDate "1999.11.16"]
[SourceQuality "1"]

1. e4 c5 2. Nf3 Nc6 3. d4 cxd4 4. Nxd4 Qb6 5. Nb3 Nf6 6. Nc3 e6 7. Be3 Qc7 8. Bd3 a6 9. f4 d6 10. g4 b5 11. g5 Nd7 12. 0-0 g6 13. h4 Bb7 14. a4 b4 15. Ne2 Bg7 16. c3 0-0 17. f5 exf5 18. exf5 Nce5 19. f6 Qc6 20. Nf4 Qh1+ 21. Kf2 Qxh4+ 22. Ke2 Rfe8 23. Kd2 Nxd3 24. Nxd3 bxc3+ 25. bxc3 Rxe3 26. fxg7 Qxg5 27. Nd4 Nc5 28. Nf4 Rd3+ 0-1

[Event "Novi Sad op"]
[Site "Novi Sad"]
[Date "1989.??.??"]
[Round "4"]
[White "Rajic, Dobrivoje"]
[Black "Petrovic, Mihajlo"]
[Result "1-0"]
[WhiteElo "2250"]
[BlackElo "2305"]
[PlyCount "81"]
[EventDate "1989.??.??"]
[EventType "swiss"]
[EventRounds "9"]
[EventCountry "YUG"]
[SourceTitle "EXT 2000"]
[Source "ChessBase"]
[SourceDate "1999.11.16"]
[SourceVersion "1"]
[SourceVersionDate "1999.11.16"]
[SourceQuality "1"]

1. d4 Nf6 2. g3 d5 3. Bg2 Bf5 4. c4 e6 5. Qb3 Nc6 6. Nf3 Rb8 7. 0-0 Be7 8. cxd5 exd5 9. Ne5 Nxd4 10. Qa4+ Nc6 11. Nxc6 bxc6 12. Qxc6+ Qd7 13. Qxd7+ Kxd7 14. Nc3 Ke6 15. Nxd5 Nxd5 16. e4 Nb4 17. exf5+ Kxf5 18. Re1 Bd6 19. a3 Na6 20. b4 Rhe8 21. Rxe8 Rxe8 22. Be3 Be5 23. Rb1 Rd8 24. Bb7 Nb8 25. Bxa7 Bd4 26. Rd1 Bxf2+ 27. Kxf2 Rxd1 28. Bxb8 Rd2+ 29. Ke3 Ra2 30. Bxc7 Rxa3+ 31. Kd4 Kg4 32. b5 f5 33. b6 Ra2 34. Bd5 Rd2+ 35. Kc4 g5 36. b7 Rb2 37. b8Q Rxb8 38. Bxb8 Kh3 39. Be6 Kxh2 40. Bxf5 h6 41. Bg4 1-0

[Event "Novi Sad op"]
[Site "Novi Sad"]
[Date "1989.??.??"]
[Round "1"]
[White "Rotstein, Arkadij"]
[Black "Rajic, Dobrivoje"]
[Result "1-0"]
[WhiteElo "2340"]
[BlackElo "2250"]
[PlyCount "68"]
[EventDate "1989.??.??"]
[EventType "swiss"]
[EventRounds "9"]
[EventCountry "YUG"]
[SourceTitle "EXT 2000"]
[Source "ChessBase"]
[SourceDate "1999.11.16"]
[SourceVersion "1"]
[SourceVersionDate "1999.11.16"]
[SourceQuality "1"]

1. c4 Nf6 2. Nc3 c6 3. e4 d5 4. e5 d4 5. exf6 dxc3 6. bxc3 gxf6 7. d4 Bf5 8. Bd3 Bxd3 9. Qxd3 Nd7 10. Rb1 h5 11. Nh3 Qc7 12. 0-0 Bh6 13. Bxh6 Rxh6 14. Rfe1 e6 15. Qe3 Rg6 16. Nf4 Rg5 17. d5 Re5 18. Qg3 0-0-0 19. dxe6 Rxe1+ 20. Rxe1 Ne5 21. Nxh5 fxe6 22. Nxf6 Nxc4 23. Qg4 b5 24. Qxe6+ Kb7 25. h4 Kb6 26. h5 Rd6 27. Qe4 Qf7 28. Ne8 Rd5 29. h6 Rh5 30. Qd4+ Ka6 31. a4 bxa4 32. Nc7+ Qxc7 33. Qxc4+ Kb7 34. Qb4+ Rb5 1-0